[Event "Dubai op-A 25th"]
[Site "Dubai"]
[Date "2025.05.30"]
[Round "4"]
[White "Shyam, Nikil P"]
[Black "Can, Emre"]
[Result "1/2-1/2"]
[WhiteElo "2430"]
[BlackElo "2568"]
[PlyCount "224"]
[EventDate "2025.05.27"]
[EventType "swiss"]
[EventRounds "9"]
[EventCountry "UAE"]
[SourceTitle "CB23_2025"]
[SourceDate "2025.06.04"]
[SourceVersion "1"]
[SourceVersionDate "2025.06.04"]
[SourceQuality "1"]

1. e4 c5 2. Nf3 d6 3. Nc3 Nf6 4. d4 cxd4 5. Nxd4 a6 6. h3 g6 7. g3 Bg7 8. Bg2 0-0 9. 0-0 Nc6 10. Nde2 Rb8 11. a4 b5 12. axb5 axb5 13. Nd5 Nd7 14. c3 e6 15. Ne3 Qc7 16. Nd4 b4 17. Nxc6 Qxc6 18. e5 Qc5 19. cxb4 Rxb4 20. Qxd6 Bxe5 21. Qxc5 Nxc5 22. Ra5 Nd3 23. Nc2 Rb3 24. Na1 Rb8 25. Bh6 Bg7 26. Bxg7 Kxg7 27. b3 Bb7 28. Bxb7 Rxb7 29. Rd1 Nb4 30. Rc5 Nd5 31. Rd3 Rfb8 32. h4 Nb4 33. Rd1 Ra7 34. Nc2 Nxc2 35. Rxc2 Rxb3 36. Kg2 e5 37. Rcd2 Re7 38. Rd7 Re6 39. R1d6 Kf6 40. Rxe6+ Kxe6 41. Ra7 Rd3 42. Rb7 h6 43. Ra7 Rd7 44. Ra4 Kf5 45. Kf3 Rd3+ 46. Ke2 Rb3 47. Ra7 f6 48. Ra6 Rb4 49. Ke3 g5 50. hxg5 hxg5 51. Rc6 g4 52. Ra6 Rb2 53. Rc6 Rb8 54. Ra6 Re8 55. Rb6 Re6 56. Rb8 Ra6 57. Rf8 Rb6 58. Ra8 Ke6 59. Rg8 Rb3+ 60. Ke2 f5 61. Rf8 Rc3 62. Kd2 Rf3 63. Ke2 Kd5 64. Ra8 Rc3 65. Kf1 Ke4 66. Kg2 Rd3 67. Re8 Rd2 68. Rf8 Rd1 69. Re8 Rd5 70. Rf8 Rd3 71. Re8 Rd2 72. Re7 Kd4 73. Rd7+ Kc3 74. Rc7+ Kd3 75. Rd7+ Kc2 76. Rf7 e4 77. Kf1 Rd5 78. Ke2 Kc3 79. Rf8 Kd4 80. Ra8 Ke5 81. Re8+ Kf6 82. Kf1 Re5 83. Rf8+ Ke7 84. Ra8 e3 85. fxe3 Rxe3 86. Kf2 Rf3+ 87. Kg2 Rd3 88. Ra2 Ke6 89. Re2+ Kd5 90. Rf2 Ke4 91. Rf4+ Ke5 92. Rf2 Rc3 93. Re2+ Kd4 94. Rf2 Rc5 95. Rf4+ Ke5 96. Rf2 Rc4 97. Re2+ Re4 98. Rf2 Re3 99. Ra2 Rf3 100. Ra4 Rc3 101. Ra5+ Ke4 102. Ra4+ Kd5 103. Ra2 Ke4 104. Ra4+ Kd5 105. Ra2 Kd4 106. Rf2 Rc5 107. Rf4+ Ke3 108. Kg1 Ke2 109. Kg2 Re5 110. Rf2+ Kd3 111. Rf4 Kd2 112. Kg1 Re1+ 1/2-1/2

[Event "Sharjah Masters-A 8th"]
[Site "Sharjah"]
[Date "2025.05.25"]
[Round "9"]
[White "Huang, Renjie"]
[Black "Can, Emre"]
[Result "0-1"]
[WhiteElo "2491"]
[BlackElo "2568"]
[PlyCount "84"]
[EventDate "2025.05.17"]
[EventType "swiss"]
[EventRounds "9"]
[EventCountry "UAE"]
[SourceTitle "CB22_2025"]
[SourceDate "2025.05.28"]
[SourceVersion "1"]
[SourceVersionDate "2025.05.28"]
[SourceQuality "1"]

1. e4 c5 2. Nf3 d6 3. d4 cxd4 4. Nxd4 Nf6 5. Nc3 a6 6. Bg5 e6 7. f4 Nbd7 8. Qf3 Qc7 9. 0-0-0 b5 10. e5 Bb7 11. Nxe6 fxe6 12. Qh3 0-0-0 13. exf6 gxf6 14. Bh4 b4 15. Ne2 Re8 16. Nd4 f5 17. Qe3 Qc5 18. Kb1 Bg7 19. Be2 Nb6 20. Bf2 Nd5 21. Qg3 Qc7 22. Bh5 Bxd4 23. Rxd4 Reg8 24. Qd3 Rxg2 25. Rc4 Bc6 26. Bg3 Qb6 27. Rxc6+ Qxc6 28. Bf3 Rxg3 29. hxg3 h5 30. Re1 Kd7 31. Qd4 Re8 32. Bxh5 Rc8 33. Qd3 Nf6 34. Bf7 Ne4 35. g4 Nc5 36. gxf5 Qb7 37. Qd2 exf5 38. Bd5 Qb6 39. Qd4 Rd8 40. Re7+ Kc8 41. a3 bxa3 42. Rb7 a2+ 0-1

[Event "EU-ch 25th"]
[Site "Eforie Nord"]
[Date "2025.03.26"]
[Round "11"]
[White "Can, Emre"]
[Black "Donchenko, Alexander"]
[Result "1/2-1/2"]
[WhiteElo "2562"]
[BlackElo "2627"]
[PlyCount "69"]
[EventDate "2025.03.15"]
[EventType "swiss"]
[EventRounds "11"]
[EventCountry "ROU"]
[SourceTitle "CB13_2025"]
[SourceDate "2025.03.26"]
[SourceVersion "1"]
[SourceVersionDate "2025.03.26"]
[SourceQuality "1"]

1. d4 Nf6 2. c4 e6 3. Nf3 d5 4. Nc3 dxc4 5. e4 b5 6. e5 Nd5 7. Nxb5 Nb6 8. a4 Qd7 9. Be2 Nc6 10. 0-0 Na5 11. Be3 Bb4 12. Qc2 Bb7 13. Bd2 Bxd2 14. Nxd2 a6 15. Na3 Qxd4 16. Naxc4 Naxc4 17. Nxc4 Nxc4 18. Bxc4 Qxe5 19. Rfe1 Qd6 20. Bf1 0-0 21. Rac1 Rfc8 22. Re3 Bd5 23. Bc4 g6 24. Rc3 Ra7 25. Bxd5 exd5 26. Rc6 Qe5 27. b3 Rb8 28. h3 d4 29. Qc4 Rab7 30. Rxa6 Rxb3 31. Qxc7 Qf5 32. Ra5 Qf6 33. Qe5 Qxe5 34. Rxe5 Rd8 35. Rd1 1/2-1/2

[Event "EU-ch 25th"]
[Site "Eforie Nord"]
[Date "2025.03.15"]
[Round "1"]
[White "Prisacaru, Stefan Emilian"]
[Black "Can, Emre"]
[Result "1/2-1/2"]
[WhiteElo "2231"]
[BlackElo "2562"]
[PlyCount "98"]
[EventDate "2025.03.15"]
[EventType "swiss"]
[EventRounds "11"]
[EventCountry "ROU"]
[SourceTitle "CB13_2025"]
[SourceDate "2025.03.26"]
[SourceVersion "1"]
[SourceVersionDate "2025.03.26"]
[SourceQuality "1"]

1. d4 d5 2. c4 e6 3. Nf3 Nf6 4. Nc3 Bb4 5. cxd5 exd5 6. Bg5 h6 7. Bh4 Bf5 8. Qa4+ Nc6 9. Ne5 0-0 10. Nxc6 Bxc3+ 11. bxc3 bxc6 12. e3 Rb8 13. Qa3 Qd6 14. Qxd6 cxd6 15. Bxf6 gxf6 16. c4 Rb2 17. cxd5 cxd5 18. Be2 Rc8 19. Bd1 Bd3 20. g4 Rc3 21. a3 Bc4 22. h4 Kf8 23. Rh3 Ke7 24. Rf3 Bd3 25. Rf4 Ke6 26. Rf3 a5 27. Rf4 Rc8 28. Rf3 f5 29. Rg3 Ke7 30. gxf5 Bxf5 31. Bg4 Bxg4 32. Rxg4 a4 33. Rf4 Ke6 34. Kf1 Rc3 35. Rg4 h5 36. Rg3 f6 37. Kg2 Kf7 38. Rf3 Ke6 39. Rg3 Rbb3 40. Rg7 Rxa3 41. Rxa3 Rxa3 42. Rh7 Rb3 43. Ra7 a3 44. Kf3 Rc3 45. Kg3 Kf5 46. Kf3 Rb3 47. Ra5 Ke6 48. Ra7 Rc3 49. Kg3 Rb3 1/2-1/2

[Event "Titled Tuesday intern op 14th Jan Early"]
[Site "Chess.com INT"]
[Date "2025.01.14"]
[Round "4"]
[White "Can, Emre"]
[Black "Nepomniachtchi, Ian"]
[Result "1-0"]
[WhiteElo "2562"]
[BlackElo "2754"]
[PlyCount "125"]
[EventDate "2025.01.14"]
[EventType "swiss (blitz)"]
[EventRounds "11"]
[EventCountry "USA"]
[SourceTitle "CB04_2025"]
[SourceDate "2025.01.22"]
[SourceVersion "1"]
[SourceVersionDate "2025.01.22"]
[SourceQuality "1"]

1. e4 c5 2. Nf3 d6 3. d4 cxd4 4. Nxd4 Nf6 5. Nc3 a6 6. g3 e5 7. Nb3 Be7 8. Bg5 Nbd7 9. a4 0-0 10. Bc4 Nb6 11. Bd3 Be6 12. a5 Nc4 13. Bxc4 Bxc4 14. Nd2 Be6 15. Nf1 Rc8 16. Bxf6 Bxf6 17. Ne3 Bg5 18. Ncd5 g6 19. h4 Bxe3 20. Nxe3 f5 21. Qd3 f4 22. Nd5 fxg3 23. fxg3 Kg7 24. c3 Bxd5 25. Qxd5 Qe7 26. 0-0-0 Rf6 27. h5 gxh5 28. Rxh5 Rg6 29. Rf1 Rf8 30. Rxf8 Kxf8 31. Qd3 Kg7 32. Kb1 Qe6 33. c4 Qg4 34. Rf5 Qxg3 35. Qd5 Kh6 36. Ka2 Qe1 37. Rf3 Qb4 38. Rb3 Qa4+ 39. Ra3 Qd7 40. Rb3 Qa4+ 41. Ra3 Qc6 42. Qf7 Qxe4 43. Rh3+ Kg5 44. Rxh7 Qf4 45. Qe7+ Rf6 46. Rg7+ Kf5 47. Qd7+ Ke4 48. Rg4 Kf3 49. Rxf4+ exf4 50. Qxb7+ Kf2 51. Qb6+ Kg3 52. Qd4 Rf5 53. Qxd6 Rxa5+ 54. Kb3 Rg5 55. c5 Kg4 56. c6 f3 57. c7 Rb5+ 58. Ka4 Rf5 59. c8Q f2 60. Qxf5+ Kxf5 61. Qf8+ Ke4 62. Qxf2 Kd5 63. Ka5 1-0

[Event "Titled Tuesday intern op 14th Jan Early"]
[Site "Chess.com INT"]
[Date "2025.01.14"]
[Round "10"]
[White "Can, Emre"]
[Black "Pranesh, Munirethinam"]
[Result "0-1"]
[WhiteElo "2562"]
[BlackElo "2586"]
[PlyCount "86"]
[EventDate "2025.01.14"]
[EventType "swiss (blitz)"]
[EventRounds "11"]
[EventCountry "USA"]
[SourceTitle "CB04_2025"]
[SourceDate "2025.01.22"]
[SourceVersion "1"]
[SourceVersionDate "2025.01.22"]
[SourceQuality "1"]

1. d4 Nf6 2. Bg5 d5 3. Nd2 Nc6 4. Ngf3 Ne4 5. Bf4 Bf5 6. e3 Nb4 7. c3 Nxd2 8. cxb4 Nxf1 9. Kxf1 e6 10. h3 c6 11. Qb3 Be7 12. b5 0-0 13. Kg1 c5 14. dxc5 Bxc5 15. Kh2 f6 16. Rac1 Rc8 17. Rhd1 Bg6 18. Bg3 Bf7 19. e4 b6 20. a4 e5 21. exd5 Qd7 22. Rc3 Rfd8 23. Qc2 Ra8 24. b4 Bxb4 25. Rc7 Qe8 26. Nh4 Bd6 27. Rc6 Bf8 28. d6 Rd7 29. f4 exf4 30. Bxf4 g5 31. Qf2 gxf4 32. Re1 Qd8 33. Nf5 Bg6 34. Qxf4 Bxf5 35. Qxf5 Bxd6+ 36. Kh1 Be5 37. h4 Kh8 38. Qf3 Qg8 39. g4 Rf8 40. h5 Rd4 41. Rg1 Rf4 42. Qd1 Qg5 43. Rg2 Qh4+ 0-1

[Event "Titled Tuesday intern op 14th Jan Early"]
[Site "Chess.com INT"]
[Date "2025.01.14"]
[Round "3"]
[White "Can, Emre"]
[Black "Sammed Jaykumar, Shete"]
[Result "1-0"]
[WhiteElo "2562"]
[BlackElo "2379"]
[PlyCount "87"]
[EventDate "2025.01.14"]
[EventType "swiss (blitz)"]
[EventRounds "11"]
[EventCountry "USA"]
[SourceTitle "CB04_2025"]
[SourceDate "2025.01.22"]
[SourceVersion "1"]
[SourceVersionDate "2025.01.22"]
[SourceQuality "1"]

1. d4 Nf6 2. Bg5 d5 3. Nd2 c5 4. dxc5 e6 5. e4 Bxc5 6. e5 h6 7. Bh4 g5 8. Bg3 Nfd7 9. h4 Rg8 10. hxg5 hxg5 11. Rh7 Nf8 12. Rh6 Nc6 13. Bd3 Bd7 14. Qh5 Nb4 15. Ngf3 Qe7 16. Rf6 Nxd3+ 17. cxd3 Bb4 18. a3 Bxd2+ 19. Kxd2 Rg6 20. Rxg6 Nxg6 21. Qxg5 Qc5 22. Qe3 Qb5 23. Qd4 Rc8 24. Rc1 Rxc1 25. Kxc1 Qb3 26. Nd2 Qa2 27. Bh4 Qa1+ 28. Kc2 Qh1 29. Bf6 Qxg2 30. Qxa7 Ne7 31. Qb8+ Nc8 32. Qc7 Ne7 33. Qc5 Nc8 34. Nb3 b6 35. Qc7 Ne7 36. Qxb6 d4 37. Qxd4 Qc6+ 38. Qc5 Qxc5+ 39. Nxc5 Bc6 40. Bxe7 Kxe7 41. b4 f6 42. f4 fxe5 43. fxe5 Kf7 44. a4 1-0

[Event "Titled Tuesday intern op 14th Jan Early"]
[Site "Chess.com INT"]
[Date "2025.01.14"]
[Round "2"]
[White "Lai, Duc Minh1"]
[Black "Can, Emre"]
[Result "0-1"]
[WhiteElo "2073"]
[BlackElo "2562"]
[PlyCount "72"]
[EventDate "2025.01.14"]
[EventType "swiss (blitz)"]
[EventRounds "11"]
[EventCountry "USA"]
[SourceTitle "CB04_2025"]
[SourceDate "2025.01.22"]
[SourceVersion "1"]
[SourceVersionDate "2025.01.22"]
[SourceQuality "1"]

1. c4 g6 2. Nc3 Bg7 3. g3 d6 4. Bg2 c5 5. e4 Nc6 6. Nge2 Nf6 7. 0-0 0-0 8. d3 a6 9. Rb1 Rb8 10. a3 Bg4 11. b4 Nd4 12. f3 Bd7 13. b5 axb5 14. Nxd4 cxd4 15. Nxb5 Bxb5 16. Rxb5 Nd7 17. a4 b6 18. Ba3 Qc7 19. Rf2 Ra8 20. Rfb2 Ra6 21. f4 Qa7 22. Bh3 Rxa4 23. Bxd7 Rxa3 24. Bc6 Rc8 25. Bd5 e6 26. Qg4 h5 27. Qh3 Re8 28. Bc6 Rb8 29. f5 e5 30. fxg6 fxg6 31. Qe6+ Kh7 32. Bd7 Rxd3 33. Qxd6 Rf8 34. Kg2 Qa1 35. Rb1 Rd2+ 36. Kh3 Qa2 0-1

[Event "EU-ch 24th"]
[Site "Petrovac"]
[Date "2024.11.16"]
[Round "8"]
[White "Can, Emre"]
[Black "Warmerdam, Max"]
[Result "1/2-1/2"]
[WhiteElo "2559"]
[BlackElo "2653"]
[PlyCount "52"]
[EventDate "2024.11.08"]
[EventType "swiss"]
[EventRounds "11"]
[EventCountry "MNE"]
[SourceTitle "CB47_2024"]
[SourceDate "2024.11.20"]
[SourceVersion "1"]
[SourceVersionDate "2024.11.20"]
[SourceQuality "1"]

1. d4 d6 2. e4 Nf6 3. Nc3 e5 4. Nf3 Nbd7 5. Bc4 Be7 6. 0-0 0-0 7. a4 c6 8. h3 h6 9. Re1 Re8 10. a5 Qc7 11. Be3 exd4 12. Nxd4 Bf8 13. Bf4 Ne5 14. Bb3 Bd7 15. Bg3 Rad8 16. f4 Ng6 17. Qf3 b5 18. axb6 axb6 19. Bf2 b5 20. Qg3 d5 21. exd5 cxd5 22. Ndxb5 Qxf4 23. Nc7 Rxe1+ 24. Rxe1 Bc6 25. Qxf4 Nxf4 26. Rd1 Rc8 1/2-1/2

[Event "EU-ch 24th"]
[Site "Petrovac"]
[Date "2024.11.11"]
[Round "4"]
[White "Injac, Teodora"]
[Black "Can, Emre"]
[Result "0-1"]
[WhiteElo "2429"]
[BlackElo "2559"]
[PlyCount "126"]
[EventDate "2024.11.08"]
[EventType "swiss"]
[EventRounds "11"]
[EventCountry "MNE"]
[SourceTitle "CB47_2024"]
[SourceDate "2024.11.20"]
[SourceVersion "1"]
[SourceVersionDate "2024.11.20"]
[SourceQuality "1"]

1. Nf3 g6 2. d4 Bg7 3. c4 c5 4. e4 Qa5+ 5. Nc3 d6 6. Be2 Nc6 7. d5 Nd4 8. 0-0 Bg4 9. Bd2 Bxf3 10. Bxf3 Nf6 11. g3 0-0 12. Bg2 Nd7 13. b3 a6 14. Rb1 b5 15. Nxb5 Qxa2 16. Nxd4 Bxd4 17. Bg5 Nf6 18. Kh1 Kg7 19. Re1 Rab8 20. Re2 Qa5 21. Be3 Bxe3 22. Rxe3 Qa2 23. Re2 Qa3 24. e5 Ng4 25. exd6 exd6 26. Bh3 Nf6 27. Ra1 Qxb3 28. Qxb3 Rxb3 29. Rxa6 Re8 30. Rxe8 Nxe8 31. Bd7 Nf6 32. Rxd6 Ne4 33. Rc6 Nxf2+ 34. Kg1 Ne4 35. Rc7 Kf6 36. Bb5 h5 37. d6 Nxd6 38. Rxc5 Rb1+ 39. Kg2 Rb2+ 40. Kg1 Ne4 41. Rc7 Nd2 42. h3 Rb3 43. Be8 Rxg3+ 44. Kh2 h4 45. Rxf7+ Ke6 46. Rf2 Nf3+ 47. Rxf3 Rxf3 48. Bxg6 Rc3 49. Bh5 Rxc4 50. Kg2 Kf5 51. Bg4+ Kf4 52. Kf2 Rc2+ 53. Ke1 Kg3 54. Kf1 Rf2+ 55. Ke1 Kg2 56. Bc8 Rf7 57. Bg4 Re7+ 58. Kd2 Kf2 59. Kd3 Re8 60. Bf5 Re3+ 61. Kd2 Re5 62. Bg4 Rd5+ 63. Kc2 Kg2 0-1

[Event "EU-ch 24th"]
[Site "Petrovac"]
[Date "2024.11.10"]
[Round "3"]
[White "Can, Emre"]
[Black "Svane, Frederik"]
[Result "0-1"]
[WhiteElo "2559"]
[BlackElo "2654"]
[PlyCount "138"]
[EventDate "2024.11.08"]
[EventType "swiss"]
[EventRounds "11"]
[EventCountry "MNE"]
[SourceTitle "CB47_2024"]
[SourceDate "2024.11.20"]
[SourceVersion "1"]
[SourceVersionDate "2024.11.20"]
[SourceQuality "1"]

1. d4 Nf6 2. c4 e6 3. Nf3 Bb4+ 4. Nbd2 0-0 5. a3 Bxd2+ 6. Qxd2 d6 7. b3 Nbd7 8. Bb2 b6 9. e3 Bb7 10. Be2 Ne4 11. Qc2 f5 12. 0-0 Rf6 13. d5 Rh6 14. Rad1 e5 15. g3 Qf6 16. Nd2 Qg6 17. Nxe4 fxe4 18. f4 exf3 19. Qxg6 Rxg6 20. Bxf3 Bc8 21. Be4 Rf6 22. Bc2 Rxf1+ 23. Rxf1 Nf6 24. Kg2 Bd7 25. e4 c5 26. b4 Rc8 27. Bd3 Be8 28. bxc5 bxc5 29. Bc3 Rb8 30. Rb1 Rxb1 31. Bxb1 Bg6 32. Kf3 Bh5+ 33. Kf2 Ng4+ 34. Kg1 Bg6 35. Kg2 Ne3+ 36. Kf3 Nxc4 37. a4 Kf8 38. a5 Be8 39. Bd3 Na3 40. Bb2 Bb5 41. Bxa3 Bxd3 42. Bc1 Ke8 43. Bd2 Bc2 44. Ke3 Kd7 45. a6 Ba4 46. Ba5 Bb5 47. h4 Bxa6 48. Bc3 Bf1 49. Ba5 g6 50. g4 Bh3 51. g5 Bf1 52. Bc3 Kc7 53. Ba5+ Kc8 54. Bc3 Kc7 55. Ba5+ Kb7 56. Bd8 c4 57. Ba5 Ka6 58. Bb4 Kb5 59. Bxd6 c3 60. Bxe5 Kc4 61. Bc7 Kb3 62. Kd4 c2 63. Bf4 a5 64. e5 a4 65. e6 a3 66. Kc5 a2 67. e7 a1Q 68. e8Q Qa5+ 69. Kd6 Qb4+ 0-1

[Event "EU-ch 24th"]
[Site "Petrovac"]
[Date "2024.11.08"]
[Round "1"]
[White "Can, Emre"]
[Black "Biliskov, Vjekoslav"]
[Result "1-0"]
[WhiteElo "2559"]
[BlackElo "2225"]
[PlyCount "67"]
[EventDate "2024.11.08"]
[EventType "swiss"]
[EventRounds "11"]
[EventCountry "MNE"]
[SourceTitle "CB47_2024"]
[SourceDate "2024.11.20"]
[SourceVersion "1"]
[SourceVersionDate "2024.11.20"]
[SourceQuality "1"]

1. e4 c5 2. Nf3 a6 3. c3 d5 4. exd5 Qxd5 5. d4 Nf6 6. Be3 cxd4 7. cxd4 e6 8. Nc3 Qd6 9. Bd3 Nc6 10. a3 Be7 11. 0-0 0-0 12. Qc2 Bd7 13. Rad1 Qc7 14. d5 Ne5 15. Nxe5 Qxe5 16. Bd4 Qh5 17. Be2 Qh4 18. d6 Bd8 19. Bf3 Bc6 20. Bxc6 bxc6 21. Bxf6 Bxf6 22. Ne4 Rab8 23. b4 Be5 24. g3 Qh5 25. Nc5 Rfd8 26. d7 a5 27. Qe4 axb4 28. axb4 Rb6 29. Rd3 Bc7 30. Rfd1 Qf5 31. Qxf5 exf5 32. Re1 Kf8 33. Rde3 Rbb8 34. Re8+ 1-0

[Event "SRB-chT Premier"]
[Site "Bajina Basta"]
[Date "2024.10.05"]
[Round "9.2"]
[White "Can, Emre"]
[Black "Grigoryan, Karen H"]
[Result "1/2-1/2"]
[WhiteElo "2547"]
[BlackElo "2569"]
[PlyCount "38"]
[EventDate "2024.09.27"]
[EventType "team-tourn"]
[EventRounds "11"]
[EventCountry "SRB"]
[SourceTitle "EXT 2025"]
[Source "ChessBase"]
[SourceDate "2024.10.14"]
[SourceVersion "1"]
[SourceVersionDate "2024.10.14"]
[SourceQuality "1"]
[WhiteTeam "Goracici Jelica"]
[BlackTeam "Elemir Naftagas"]
[WhiteTeamCountry "SRB"]
[BlackTeamCountry "SRB"]

1. d4 d5 2. c4 dxc4 3. Nf3 Nf6 4. e3 e6 5. Bxc4 a6 6. 0-0 c5 7. Be2 Nbd7 8. b3 b6 9. Bb2 Bb7 10. Nbd2 Be7 11. Ne5 0-0 12. Bf3 Bxf3 13. Qxf3 Nxe5 14. dxe5 Nd5 15. Ne4 Kh8 16. Rad1 Qc7 17. Rd2 b5 18. Rc1 Qa5 19. Qd1 Rad8 1/2-1/2

[Event "SRB-chT Premier"]
[Site "Bajina Basta"]
[Date "2024.10.02"]
[Round "6.2"]
[White "Matlakov, Maxim"]
[Black "Can, Emre"]
[Result "1-0"]
[WhiteElo "2636"]
[BlackElo "2547"]
[PlyCount "117"]
[EventDate "2024.09.27"]
[EventType "team-tourn"]
[EventRounds "11"]
[EventCountry "SRB"]
[SourceTitle "EXT 2025"]
[Source "ChessBase"]
[SourceDate "2024.10.14"]
[SourceVersion "1"]
[SourceVersionDate "2024.10.14"]
[SourceQuality "1"]
[WhiteTeam "Belgrade PTT"]
[BlackTeam "Goracici Jelica"]
[WhiteTeamCountry "SRB"]
[BlackTeamCountry "SRB"]

1. e4 c5 2. Nf3 d6 3. Bb5+ Nd7 4. 0-0 a6 5. Be2 Ngf6 6. d3 e6 7. a4 b6 8. Nfd2 Be7 9. f4 0-0 10. Bf3 Bb7 11. Nc3 d5 12. g4 d4 13. Ne2 e5 14. g5 Ne8 15. h4 exf4 16. Nxf4 Ne5 17. Bg2 Nc7 18. Nf3 f6 19. Nh5 Nxf3+ 20. Rxf3 fxg5 21. Rxf8+ Qxf8 22. Bxg5 g6 23. Bxe7 Qxe7 24. Qg4 Rf8 25. Rf1 Ne6 26. e5 Rxf1+ 27. Kxf1 Kf7 28. Nf6 Ng7 29. Bxb7 Qxb7 30. Ne4 Kf8 31. Kf2 Nf5 32. h5 Qg7 33. Qf4 Qh6 34. Qxh6+ Nxh6 35. hxg6 hxg6 36. a5 bxa5 37. Kf3 Nf7 38. Kf4 c4 39. dxc4 Ke7 40. Nc5 Nd8 41. Nb3 Ne6+ 42. Ke4 g5 43. Nxa5 Nc5+ 44. Kxd4 g4 45. Ke3 Ke6 46. Kf4 g3 47. Kxg3 Kxe5 48. Kf3 Kd6 49. Ke3 Na4 50. b4 Nc3 51. Kd3 Nd1 52. Kd4 Nf2 53. c5+ Kc7 54. c4 Ng4 55. b5 axb5 56. cxb5 Nf6 57. b6+ Kd7 58. c6+ Kd6 59. Kc4 1-0

[Event "Olympiad-45"]
[Site "Budapest"]
[Date "2024.09.21"]
[Round "10.4"]
[White "Can, Emre"]
[Black "Gumularz, Szymon"]
[Result "1/2-1/2"]
[WhiteElo "2547"]
[BlackElo "2571"]
[PlyCount "54"]
[EventDate "2024.09.11"]
[EventType "team-swiss"]
[EventRounds "11"]
[EventCountry "HUN"]
[SourceTitle "EXT 2025"]
[Source "ChessBase"]
[SourceDate "2024.10.14"]
[SourceVersion "1"]
[SourceVersionDate "2024.10.14"]
[SourceQuality "1"]
[WhiteTeam "Turkey"]
[BlackTeam "Poland"]
[WhiteTeamCountry "TUR"]
[BlackTeamCountry "POL"]

1. e4 c6 2. d4 d5 3. e5 Bf5 4. Nf3 e6 5. Be2 a6 6. 0-0 Bg6 7. c3 c5 8. Na3 Nc6 9. dxc5 Bxc5 10. b4 Ba7 11. b5 axb5 12. Nxb5 Bb8 13. Bf4 Nf6 14. c4 0-0 15. exf6 Bxf4 16. fxg7 Kxg7 17. g3 Bh6 18. cxd5 Qxd5 19. Qxd5 exd5 20. Nd6 Kg8 21. a4 b6 22. Rad1 Ne7 23. Bb5 Rfd8 24. Nb7 Rdb8 25. Nd6 Rd8 26. Nb7 Rdb8 27. Nd6 Rd8 1/2-1/2

[Event "Olympiad-45"]
[Site "Budapest"]
[Date "2024.09.19"]
[Round "8.4"]
[White "Can, Emre"]
[Black "Draskovic, Luka"]
[Result "1/2-1/2"]
[WhiteElo "2547"]
[BlackElo "2497"]
[PlyCount "149"]
[EventDate "2024.09.11"]
[EventType "team-swiss"]
[EventRounds "11"]
[EventCountry "HUN"]
[SourceTitle "EXT 2025"]
[Source "ChessBase"]
[SourceDate "2024.10.14"]
[SourceVersion "1"]
[SourceVersionDate "2024.10.14"]
[SourceQuality "1"]
[WhiteTeam "Turkey"]
[BlackTeam "Montenegro"]
[WhiteTeamCountry "TUR"]
[BlackTeamCountry "MNE"]

1. e4 d6 2. d4 Nf6 3. Nc3 e5 4. Nf3 Nbd7 5. Rg1 c6 6. g4 h6 7. Be3 Be7 8. a3 Nf8 9. h3 Ng6 10. Qd2 Nh7 11. 0-0-0 Ng5 12. Qe2 Qc7 13. Kb1 Nxf3 14. Qxf3 Bg5 15. Bc4 b5 16. Bb3 Nh4 17. Qg3 Ng6 18. Ne2 Bb7 19. f4 exf4 20. Nxf4 Nxf4 21. Bxf4 0-0-0 22. h4 Bxf4 23. Qxf4 Rd7 24. Rgf1 Kb8 25. g5 hxg5 26. hxg5 d5 27. e5 g6 28. Qf6 Re8 29. c3 Rde7 30. Bc2 Bc8 31. Rh1 Be6 32. Rh7 c5 33. dxc5 Qxc5 34. Rd4 Rb7 35. Rh8 Rxh8 36. Qxh8+ Kc7 37. Qf6 Rb6 38. Qf4 Rb8 39. Qh2 Kb7 40. Ka1 Ka8 41. Bb3 Rd8 42. Qd2 Rd7 43. Bd1 Rd8 44. Bf3 Rd7 45. Qd3 Kb8 46. Bg4 Bxg4 47. Rxg4 Re7 48. Rb4 a6 49. a4 Rb7 50. e6 Qg1+ 51. Ka2 Qxg5 52. exf7 Rxf7 53. axb5 Rb7 54. b6 Qf6 55. Qxa6 Qe6 56. Rd4 g5 57. Qa5 Rxb6 58. Qxd5 Qxd5+ 59. Rxd5 Rg6 60. Rd3 g4 61. Rg3 Kc7 62. b4 Kd6 63. Kb3 Kd5 64. c4+ Kd4 65. c5 Kd5 66. Kc3 Rg8 67. Kd3 Rg7 68. Kc3 Rg8 69. Kb3 Rg7 70. Rd3+ Kc6 71. Kc4 g3 72. b5+ Kb7 73. Rd1 g2 74. Rg1 Rg5 75. Kd4 1/2-1/2

[Event "Arad op 17th"]
[Site "Arad"]
[Date "2024.08.10"]
[Round "8"]
[White "Poltorak, Sebastian"]
[Black "Can, Emre"]
[Result "0-1"]
[WhiteElo "2397"]
[BlackElo "2543"]
[PlyCount "124"]
[EventDate "2024.08.05"]
[EventType "swiss"]
[EventRounds "9"]
[EventCountry "ROU"]
[SourceTitle "CBM 221 Extra"]
[Source "ChessBase"]
[SourceDate "2024.09.30"]
[SourceVersion "1"]
[SourceVersionDate "2024.09.30"]
[SourceQuality "1"]

1. d4 d5 2. c4 e6 3. Nc3 Nf6 4. cxd5 exd5 5. Bg5 Bb4 6. e3 h6 7. Bh4 g5 8. Bg3 h5 9. h4 Ne4 10. Nge2 Bg4 11. Qb3 Nxg3 12. Nxg3 Nc6 13. hxg5 Qxg5 14. Bb5 Bxc3+ 15. Qxc3 Rh6 16. Rh2 0-0-0 17. Rc1 f5 18. Qd2 h4 19. Ne2 Bxe2 20. Bxe2 Rf8 21. Rc5 Rd6 22. Bf3 Rfd8 23. Kd1 Qf6 24. Kc1 f4 25. Rh1 Kb8 26. b4 fxe3 27. fxe3 Ne7 28. Kb2 Nc8 29. Qc2 Nb6 30. Rxc7 Nc4+ 31. Rxc4 dxc4 32. Qxc4 Rxd4 33. exd4 Rxd4 34. Qxd4 Qxd4+ 35. Kb3 Qf4 36. a3 Kc7 37. Kb2 Kb6 38. Kb3 a5 39. bxa5+ Kxa5 40. Kb2 Qd2+ 41. Kb3 Qf2 42. Rh3 Qe1 43. Bd5 Qe2 44. Kc3 Qe5+ 45. Kc4 Qf4+ 46. Kc3 Ka4 47. Rd3 Qe5+ 48. Kd2 b5 49. Bf3 Ka5 50. Bd5 Kb6 51. Bf3 Qe7 52. Rc3 Qd6+ 53. Kc2 Qh2 54. Kc1 Qg1+ 55. Kc2 Qf2+ 56. Kc1 Ka5 57. Rd3 Qa2 58. Bd5 Qe2 59. Rc3 Qe1+ 60. Kc2 Qf2+ 61. Kc1 Qd4 62. Rh3 Qxd5 0-1

[Event "Arad op 17th"]
[Site "Arad"]
[Date "2024.08.08"]
[Round "6"]
[White "Balog, Imre1"]
[Black "Can, Emre"]
[Result "1-0"]
[WhiteElo "2627"]
[BlackElo "2543"]
[PlyCount "116"]
[EventDate "2024.08.05"]
[EventType "swiss"]
[EventRounds "9"]
[EventCountry "ROU"]
[SourceTitle "CBM 221 Extra"]
[Source "ChessBase"]
[SourceDate "2024.09.30"]
[SourceVersion "1"]
[SourceVersionDate "2024.09.30"]
[SourceQuality "1"]

1. d4 d5 2. Nf3 Nf6 3. Bf4 Bf5 4. Nbd2 e6 5. e3 Bd6 6. Ne5 Nfd7 7. g4 Bg6 8. Nxg6 hxg6 9. Bxd6 cxd6 10. Qf3 Nc6 11. c3 Qe7 12. Qg3 0-0-0 13. Bg2 Qh4 14. Qxh4 Rxh4 15. h3 Rhh8 16. f4 Nb6 17. b3 Kd7 18. Ke2 Rc8 19. Rac1 Rc7 20. Nf3 Ke7 21. Kd2 Nd7 22. c4 Nf6 23. Ne1 dxc4 24. g5 Nd7 25. Rxc4 d5 26. Rc3 Kd6 27. Bf1 Ne7 28. Rxc7 Kxc7 29. Bd3 Nc8 30. Nf3 Nd6 31. Rc1+ Kd8 32. h4 Nb8 33. Ke2 Nc6 34. Rh1 Ke7 35. Rc1 Kd8 36. a3 Ne7 37. Rc2 Nef5 38. Bxf5 Nxf5 39. Kd3 Nd6 40. a4 Ke7 41. Rc5 Rc8 42. Ne5 b6 43. Rc6 Rxc6 44. Nxc6+ Kd7 45. Nxa7 Kc7 46. Ke2 Kb7 47. Nb5 Nxb5 48. axb5 Kc7 49. Kf3 Kd7 50. Kg4 Ke7 51. h5 gxh5+ 52. Kxh5 Kd7 53. Kg4 g6 54. Kf3 Ke7 55. e4 Kd6 56. Ke3 Ke7 57. exd5 exd5 58. Kf3 Kd6 1-0

[Event "Arad op 17th"]
[Site "Arad"]
[Date "2024.08.07"]
[Round "4"]
[White "Krstulovic, Alex"]
[Black "Can, Emre"]
[Result "1/2-1/2"]
[WhiteElo "2446"]
[BlackElo "2543"]
[PlyCount "45"]
[EventDate "2024.08.05"]
[EventType "swiss"]
[EventRounds "9"]
[EventCountry "ROU"]
[SourceTitle "CBM 221 Extra"]
[Source "ChessBase"]
[SourceDate "2024.09.30"]
[SourceVersion "1"]
[SourceVersionDate "2024.09.30"]
[SourceQuality "1"]

1. d4 d5 2. c4 e6 3. Nc3 Nf6 4. Nf3 c6 5. Bg5 dxc4 6. e4 b5 7. e5 h6 8. Bh4 g5 9. Nxg5 hxg5 10. Bxg5 Be7 11. exf6 Bxf6 12. Bxf6 Qxf6 13. g3 Na6 14. Bg2 Bb7 15. Nxb5 cxb5 16. Bxb7 Nb4 17. 0-0 Rd8 18. a4 Qxd4 19. Qxd4 Rxd4 20. axb5 Rh5 21. Rxa7 Rxb5 22. Bf3 Kf8 23. Rd1 1/2-1/2